000 00954nas a2200313 4500
001 BR0901466
003 BR-BrBNA
005 20231205113225.0
007 ta
008 230509b bl.|||p| |||| 00| 00por d
040 _aBR-BrBNA
_bpor
_cBiblioteca Nacional de Agricultura
041 _a(Pt)
072 _aQ02; J11
100 1 _aBrackmann, A.
100 1 _aWeber, A.
100 1 _aPinto, J.A.V.
100 1 _aNeuwald, D.A.
100 1 _aSteffens, C.A.
245 1 _aManutenção da qualidade pós-coheita de maçãs "Royal Gala" e "Galaxy" sob armazenamento em atmosfera controlada
650 _aMAÇÃ
650 _aPÓS-COLHEITA
650 _aQUALIDADE
650 _aARMAZENAMENTO
650 _aPRESERVAÇÃO DE ALIMENTO
650 _aTECNOLOGIA DE ALIMENTO
773 0 _tCiência Rural (Brazil)
_xISSN 0103-8478
_g(Dec 2008), v. 38(9) p. 2478-2484
_wBR0901466
909 _a202311
_bLúcia
_c55
_dLúcia Elande
942 _2AGRIS
_n0
_cANA
999 _c202549
_d202549